Wards of Nagoya Japan - With a Map - Statistics

General Stats
  • This quiz has been taken 108 times
  • The average score is 13 of 16
Answers on the Map
Answers color-coded by a green-red scale on the quiz's map according to % correct below.
 
Answer Stats
Answer % Correct
Kita
95%
Minami
94%
Nishi
94%
Minato
92%
Naka
92%
Higashi
89%
Midori
88%
Nakamura
85%
Atsuta
82%
Chikusa
79%
Nakagawa
77%
Moriyama
76%
Tempaku
71%
Showa
70%
Mizuho
68%
Meito
67%
No matching quizzes found
Score Distribution
Percent of People with Each Score
Percentile by Number Answered
Your Score History
You have not taken this quiz